TV's Greatest All-Time Stars Quiz Stats

 Plays Quiz Updated Jun 1, 2018

Score 0/32 Timer 08:00
2 Plays Today
% Correct
Mary Tyler Moore
93.1%
Bill Cosby
92.9%
Tom Selleck
90.8%
Roseanne Barr
89.8%
Lucille Ball
88.9%
Alan Alda
87.1%
Ron Howard
84.6%
Ted Danson
83.8%
Andy Griffith
80.7%
Kelsey Grammer
79.3%
Bea Arthur
77.3%
Angela Lansbury
74.3%
Michael Landon
69.1%
Larry Hagman
68%
Carroll O'Connor
66.7%
Mark Harmon
63%
% Correct
Jim Parsons
61.6%
Johnny Galecki / Kaley Cuoco
56.8%
Raymond Burr
54.2%
Buddy Ebsen
52.9%
Jon Cryer
52.7%
Sherman Hemsley
52.6%
Lorne Greene / Dan Blocker
51.5%
Mayim Bialik
51.2%
David Caruso
47.3%
Red Skelton
46.8%
Julianna Margulies
40%
Gavin MacLeod
37.6%
James Arness
37.3%
Ellen Pompeo
33%
Thomas Gibson
24.5%
William Petersen
21.2%

You're not logged in!

Compare scores with friends on all Sporcle quizzes.
OR
Log In

You Might Also Like...

Show Comments

Extras

Top Quizzes Today


Score Distribution

Your Account Isn't Verified!

In order to create a playlist on Sporcle, you need to verify the email address you used during registration. Go to your Sporcle Settings to finish the process.

Report this User

Report this user for behavior that violates our Community Guidelines.

Details: